000 00966 a2200193 4500
003 NUST
005 20251111190037.0
040 _cNust
082 _a621.382,OME
100 _aOmer , GC Mohammad (TCC-10)
_9131820
245 _aEcho cancellation and double talk detection for VOIP /
_cGC Mohammad Omer & GC Mohammad Waseem, GC Naveed Zubair, GC Nauman Iqbal.
260 _aRawalpindi
_bMCS (NUST)
_c2002
300 _a110 p.;
505 _aLine Echo Cancellation A Brief Overview (Page-7), Adaptive Filtering (Page-20),Orthogonalization (page-41), Lattice Weiner Filters (Page-50), Orthogonalizing Correction Factors Employing Modified Gram Schmidt Algorithm (Page-61), Introduction to Doubletalk Detection (Page-73), Doubletalk Detection Using A Few Novel Estimates (page-84), A New of DTD Using Fuzzy Logic (Page-102),.
650 _aUG Projects
_998716
651 _aTCC-10
_9131808
700 _aSupervised by Col Jalil Qureshi
_9131821
942 _cPR
_2ddc
999 _c182675
_d182675